| 000 | 004280000a22001690004500 | ||
|---|---|---|---|
| 003 | MACL | ||
| 005 | 20160112125609.0 | ||
| 008 | 160112b xxu||||| |||| 00| 0 eng d | ||
| 040 |
_aMACL _cMACL |
||
| 041 | _aEnglish | ||
| 082 | _a920/WIL | ||
| 100 |
_aWilliams, H Noel _931188 |
||
| 245 | _aThe Love A̜ffairs of The Condes | ||
| 260 |
_bMethuen & Co. _c1912 _aLondon |
||
| 650 |
_aBiography _931189 |
||
| 942 |
_cBK _k920/Wil _2ddc |
||
| 999 |
_c36719 _d36719 |
||